000
00274nam a2200121 a 4500
001
4144
005
20140414131910.0
008
090317s19uu xx 00 eng d
050
_a
ER
_b
B11 1993
100
_a
Stortz, Diane
245
_a
Baby animal friends.
999
_c
111166
_d
111166